[Event "RUS-ch Girls U21 2020"]
[Site "Moscow"]
[Date "2020.12.14"]
[Round "7.5"]
[White "Borisova, Ekaterina"]
[Black "Nosacheva, Mariya"]
[Result "0-1"]
[WhiteElo "2308"]
[BlackElo "2243"]
[Annotator "TA"]
[PlyCount "146"]
[EventDate "2020.12.08"]
[EventType "tourn"]
[EventCountry "RUS"]
[SourceTitle "playchess.com"]
[Source "ChessBase"]
[SourceQuality "1"]

{[%evp 25,146,52,46,24,52,42,50,0,82,0,0,-40,-43,-65,-40,-57,-51,-57,18,-68,-55,-64,-13,-14,-8,0,22,22,36,33,76,76,71,71,74,81,175,144,175,32,190,187,197,191,179,52,52,60,74,5,3,3,4,0,8,0,0,-22,-30,-99,-10,-66,-62,-126,-122,-124,0,0,0,-118,-112,-124,-104,-161,-97,-100,-110,-106,-102,-213,-203,-227,-164,-306,-298,-374,-374,-418,-418,-429,-424,-490,-460,-455,0,-454,-440,-550,-510,-627,-578,-547,-470,-608,-608,-5131,-2458,-4058,-4388,-2247,-3544,-5143,-4365,-29963,-12687,-29980,-29981,-29981,-29982,-29982,-29983,-29986,-29985]} 1. d4 Nf6 2. c4 g6 3. g3 Bg7 4. Bg2 O-O 5. Nf3 d6 6. O-O Nc6 7. Nc3 Bf5 8. d5 Na5 9. Nd2 c5 10. e4 Bd7 11. Qc2 a6 12. b3 Rb8 13. Bb2 b5 14. Rab1 {E66: King's Indian: Fianchetto: 6...c5 7 0-0 Nc6 8 d5.} e6 15. Nd1 {[#]} e5 $146 ({Predecessor:} 15... exd5 16. cxd5 Re8 17. Ne3 Rc8 18. Bc3 Ng4 19. Nxg4 Bxg4 20. Bxg7 Kxg7 21. Rfe1 Qf6 {1-0 (81) Plischki,S (2407)-Ganerdene,S (2309) Prague 2018}) 16. f4 {White is slightly better.} bxc4 (16... exf4 $11 {keeps the balance.} 17. Rxf4 Re8) 17. bxc4 (17. fxe5 $16 cxb3 18. axb3) 17... exf4 $11 18. gxf4 Rxb2 19. Rxb2 Ng4 20. h3 Bd4+ {[%mdl 1024] Black has compensation.} 21. Kh1 Nf6 ({Black should try} 21... f5 $1 $15) 22. Rb1 ({White should play} 22. Nc3 $11) 22... Nh5 $1 $15 {Strongly threatening ...Qh4.} 23. Nf3 $1 (23. Qd3 $2 Qh4 $17) 23... Ng3+ 24. Kh2 Nxf1+ 25. Bxf1 Bg7 26. Nf2 Re8 27. Bd3 Bh6 28. Qd2 Bc8 29. Ng4 Bg7 30. f5 $1 Nb7 (30... Rf8 $16) 31. Rg1 $18 Qa5 32. Qf4 (32. Nh6+ $1 $18 Bxh6 33. Qxh6) 32... Qc3 $2 (32... Qxa2+ $14 33. Kh1 Qb2) 33. Nh6+ $1 (33. fxg6 fxg6 34. Nh6+ (34. Ng5 $2 Rf8 $19) 34... Bxh6 $11) 33... Bxh6 34. Qxh6 Qg7 {[#]} (34... Qxd3 35. f6 Qe2+ 36. Rg2 $1 {[%mdl 512]} Qxg2+ 37. Kxg2 Bxh3+ 38. Kxh3 Rxe4 39. Qg7#) 35. Qxg7+ (35. Qh4 $1 $18) 35... Kxg7 $14 36. Kg3 f6 37. Kf4 (37. Kf2 $16) 37... Nd8 $11 38. Rb1 Nf7 39. Rb6 Kf8 40. Bc2 Ke7 41. Rb8 Kd8 42. h4 (42. fxg6 $11 hxg6 43. h4) 42... Re7 (42... gxf5 $17 43. exf5 Re2) 43. Rb1 (43. fxg6 $11 hxg6 44. Bd3) 43... gxf5 $15 44. exf5 (44. Rg1 $15) 44... Re2 $17 45. Rc1 Rf2 46. Kg3 $1 {[%cal Rg3f2]} Re2 47. Kf4 $1 a5 48. a3 Ba6 49. Ng1 (49. h5 $17) 49... Rd2 ({Better is} 49... Rg2 $19 {And now ...Ne5 would win.} 50. Nf3 Bxc4) 50. Nf3 Rf2 {White must now prevent ...Ne5!} 51. Ke3 Rg2 52. Ba4 (52. Bd3 $17 {was worth a try.}) 52... Rg4 $19 53. Bb5 Bc8 54. Nd2 (54. Rg1 $142 Rxg1 55. Nxg1) 54... Rxh4 ({Weaker is} 54... Bxf5 55. Rf1 $17) 55. a4 Bxf5 56. Rf1 Rh3+ 57. Kf4 Bg6 58. Nf3 Ne5 59. Nxe5 dxe5+ {[%mdl 4096] Endgame KRB-KRB} ({Less strong is} 59... fxe5+ 60. Kg4 $19) 60. Kg4 {[#]} Rh6 $1 61. d6 {Cut Off at move 61} ({Don't go for} 61. Rxf6 $2 Bh5+ 62. Kf5 Rxf6+ 63. Kxe5 Ke7) 61... Be4 62. d7 Rg6+ 63. Kh4 Bd3 64. Rf2 f5 65. Kh5 f4 66. Kh4 Bf5 67. Rf1 Rg3 68. Kh5 Ke7 69. Bc6 Bxd7 70. Be4 Kf6 {[%cal Rg3h3] Black mates.} 71. Rh1 Rh3+ 72. Rxh3 Bxh3 73. Bxh7 f3 {Never resign too early!  Weighted Error Value: White=0.32/Black=0.28} 0-1

[Event "RUS-ch Girls U21 2020"]
[Site "Moscow"]
[Date "2020.12.15"]
[Round "8.1"]
[White "Protopopova, Anastasiya"]
[Black "Nosacheva, Mariya"]
[Result "1/2-1/2"]
[WhiteElo "2267"]
[BlackElo "2243"]
[Annotator "RC"]
[PlyCount "88"]
[EventDate "2020.12.08"]
[EventType "tourn"]
[EventCountry "RUS"]
[SourceTitle "playchess.com"]
[Source "ChessBase"]
[SourceQuality "1"]
[TimeControl "40/5400+30:1800+30"]

1. d4 {[%emt 0:00:00]} Nf6 {[%emt 0:00:00]} 2. c4 {[%emt 0:00:00]} g6 {[%emt 0:00:00]} 3. Nc3 {[%emt 0:00:00]} Bg7 {[%emt 0:00:00]} 4. e4 d6 {[%emt 0:00:00]} 5. Be2 {[%emt 0:00:00]} O-O {[%emt 0:00:56]} 6. Bg5 {[%emt 0:00:00]} Na6 7. Qd2 {[%emt 0:00:18]} c6 {[%emt 0:00:43]} 8. f3 {[%emt 0:02:43]} Nc7 {[%emt 0:04:37]} 9. h4 d5 {[%emt 0:12:18]} 10. cxd5 {[%emt 0:12:28]} cxd5 {[%emt 0:01:00]} 11. e5 {[%emt 0:00:55]} Nh5 {[%emt 0:02:28]} 12. Bd3 {[%emt 0:01:33]} f6 {[%emt 0:00:22]} 13. g4 {[%emt 0:15:25]} Ng3 {[%emt 0:07:24]} 14. Rh3 {[%emt 0:00:06]} fxg5 {[%emt 0:01:09]} 15. Rxg3 {[%emt 0:00:30]} gxh4 {[%emt 0:02:00]} 16. Rh3 {[%emt 0:01:35]} b5 {[%emt 0:00:09]} 17. Qg5 {[%emt 0:14:57]} Ne6 18. Qxh4 {[%emt 0:00:09]} Nf4 {[%emt 0:02:28]} 19. O-O-O {[%emt 0:03:49]} Nxh3 {[%emt 0:05:13]} 20. Nxh3 {[%emt 0:02:05]} e6 {[%emt 0:00:07]} 21. Qg3 {[%emt 0:03:26]} b4 {[%emt 0:01:09]} 22. Ne2 {[%emt 0:10:09]} Qa5 {[%emt 0:00:29]} 23. Kb1 {[%emt 0:00:05]} Ba6 {[%emt 0:00:05]} 24. f4 {[%emt 0:08:08]} Rac8 {[%emt 0:18:11]} 25. Ng5 {[%emt 0:02:16]} b3 26. axb3 {[%emt 0:00:07]} Bxd3+ {[%emt 0:06:56]} 27. Qxd3 {[%emt 0:03:28]} Rc6 {[%emt 0:02:46]} 28. Rh1 {[%emt 0:01:46]} Ra6 29. Kc2 {[%emt 0:00:06]} Rc6+ {[%emt 0:03:41]} 30. Kb1 {[%emt 0:03:28]} Rfc8 {[%emt 0:02:33]} 31. Rxh7 {[%emt 0:00:19]} Ra6 32. Nc3 {[%emt 0:00:01]} Qa1+ {[%emt 0:03:26]} 33. Kc2 {[%emt 0:00:27]} Ra2 {[%emt 0:00:00]} 34. Rh8+ {[%emt 0:00:30]} Kxh8 {[%emt 0:00:09]} 35. Qh3+ {[%emt 0:00:00]} Kg8 36. Qh7+ {[%emt 0:00:00]} Kf8 {[%emt 0:00:06]} 37. Nxe6+ {[%emt 0:00:19]} Ke7 {[%emt 0:00:01]} 38. Qxg7+ {[%emt 0:01:56]} Kxe6 39. Qxg6+ {[%emt 0:00:00]} Ke7 {[%emt 0:02:23]} 40. Qd6+ {[%emt 0:00:00]} Ke8 {[%emt 0:00:00]} 41. Qe6+ {[%emt 0:05:28]} Kd8 {[%emt 0:00:15]} 42. Qxd5+ {[%emt 0:04:00]} Ke7 {[%emt 0:00:06]} 43. Qd6+ {[%emt 0:00:30]} Ke8 {[%emt 0:00:30]} 44. Qg6+ {[%emt 0:05:29]} Kd8 {[%emt 0:00:47]} 1/2-1/2

[Event "RUS-ch Girls U21 2020"]
[Site "Moscow"]
[Date "2020.12.15"]
[Round "8.2"]
[White "Dimitrova, Aleksandra"]
[Black "Borisova, Ekaterina"]
[Result "1-0"]
[WhiteElo "2193"]
[BlackElo "2308"]
[Annotator "RC"]
[PlyCount "81"]
[EventDate "2020.12.08"]
[EventType "tourn"]
[EventCountry "RUS"]
[SourceTitle "playchess.com"]
[Source "ChessBase"]
[SourceQuality "1"]
[TimeControl "40/5400+30:1800+30"]

1. e4 {[%emt 0:00:00]} e5 {[%emt 0:00:00]} 2. Nf3 {[%emt 0:00:00]} Nc6 {[%emt 0:00:00]} 3. Bb5 {[%emt 0:00:24]} a6 {[%emt 0:00:00]} 4. Ba4 {[%emt 0:00:23]} b5 {[%emt 0:00:00]} 5. Bb3 {[%emt 0:00:26]} Na5 {[%emt 0:00:00]} 6. Bxf7+ {[%emt 0:18:36]} Kxf7 {[%emt 0:00:04]} 7. Nxe5+ {[%emt 0:00:03]} Ke7 {[%emt 0:10:37]} 8. d4 {[%emt 0:00:31]} d6 {[%emt 0:03:00]} 9. Nd3 {[%emt 0:05:43]} Qd7 {[%emt 0:07:31]} 10. O-O {[%emt 0:01:44]} Kd8 {[%emt 0:01:51]} 11. b3 {[%emt 0:05:56]} Nc6 {[%emt 0:18:38]} 12. Bb2 {[%emt 0:02:12]} Nf6 {[%emt 0:04:14]} 13. Nd2 {[%emt 0:20:15]} d5 {[%emt 0:05:17]} 14. e5 {[%emt 0:09:13]} Ng8 {[%emt 0:08:02]} 15. c4 {[%emt 0:03:09]} Nb4 {[%emt 0:05:05]} 16. Nc5 {[%emt 0:02:22]} Bxc5 {[%emt 0:01:11]} 17. dxc5 {[%emt 0:00:02]} Ne7 {[%emt 0:01:03]} 18. e6 {[%emt 0:08:41]} Qxe6 {[%emt 0:06:12]} 19. Nf3 {[%emt 0:00:36]} Qf5 {[%emt 0:07:04]} 20. Nd4 {[%emt 0:01:33]} Qd3 {[%emt 0:02:04]} 21. a3 {[%emt 0:01:10]} Qxd1 {[%emt 0:01:19]} 22. Raxd1 {[%emt 0:00:11]} Nbc6 {[%emt 0:00:22]} 23. Nxc6+ {[%emt 0:01:37]} Nxc6 {[%emt 0:00:04]} 24. cxd5 {[%emt 0:02:32]} Na5 {[%emt 0:01:05]} 25. Bxg7 {[%emt 0:01:39]} Rg8 {[%emt 0:00:04]} 26. Bf6+ {[%emt 0:00:14]} Ke8 {[%emt 0:02:01]} 27. Rd3 {[%emt 0:00:32]} Kf7 {[%emt 0:05:01]} 28. Be5 {[%emt 0:00:41]} c6 {[%emt 0:00:52]} 29. Bc7 {[%emt 0:02:29]} Nb7 {[%emt 0:02:31]} 30. Rf3+ {[%emt 0:02:47]} Kg6 {[%emt 0:00:05]} 31. dxc6 {[%emt 0:05:08]} Nxc5 {[%emt 0:00:22]} 32. Re1 {[%emt 0:01:26]} Bg4 {[%emt 0:04:05]} 33. Rg3 {[%emt 0:00:22]} Kf7 {[%emt 0:00:09]} 34. h3 {[%emt 0:00:43]} Ne6 {[%emt 0:03:01]} 35. Bb6 {[%emt 0:01:44]} Bh5 {[%emt 0:02:01]} 36. Rge3 {[%emt 0:01:24]} Rge8 {[%emt 0:00:55]} 37. c7 {[%emt 0:01:03]} Bg6 {[%emt 0:00:56]} 38. f4 {[%emt 0:00:35]} Rac8 {[%emt 0:00:42]} 39. g4 {[%emt 0:00:39]} Bc2 {[%emt 0:01:12]} 40. Rc3 {[%emt 0:00:00]} Nxc7 {[%emt 0:00:00]} 41. Rxe8 {[%emt 0:01:39]} 1-0

[Event "RUS-ch Girls U21 2020"]
[Site "Moscow"]
[Date "2020.12.15"]
[Round "8.3"]
[White "Shafigullina, Zarina"]
[Black "Kochukova, Anna"]
[Result "1-0"]
[WhiteElo "2302"]
[BlackElo "2111"]
[Annotator "TA"]
[PlyCount "51"]
[EventDate "2020.12.08"]
[EventType "tourn"]
[EventCountry "RUS"]
[SourceTitle "playchess.com"]
[Source "ChessBase"]
[SourceQuality "1"]

{[%evp 9,51,16,4,5,11,-7,21,21,22,16,27,20,35,49,72,43,48,16,44,23,45,45,45,42,138,137,145,143,148,165,168,143,177,144,194,50,552,541,516,552,970,953,29991,29992]} 1. d4 d5 2. Nf3 Nf6 3. g3 b5 4. Bg2 Bb7 5. O-O e6 6. Qd3 {A46: 1 d4 Nf6 2 Nf3 e6: Torre, London and Colle Systems.} a6 7. a4 b4 8. Nbd2 {The position is equal.} Nbd7 9. c4 bxc3 10. bxc3 {[%cal Bb2c3,Bc3c4][%mdl 32] [#]} Bd6 $146 ({Predecessor:} 10... c5 11. c4 dxc4 12. Nxc4 Be7 13. dxc5 Nxc5 14. Qe3 O-O 15. Ba3 Nd5 16. Qe5 Rc8 {0-1 (28) Putka,V (2448)-Babanin,G (2201) Tallinn 2019}) 11. c4 c5 12. Ba3 O-O 13. Rab1 Rb8 14. Rfc1 Qe7 15. cxd5 exd5 16. Qe3 Ne4 ({Black should play} 16... Qxe3 $14 17. fxe3 Rfc8) 17. dxc5 $16 Ndxc5 18. Nxe4 Nxe4 19. Bxd6 Qxd6 20. Rb6 Qd7 21. Ne5 Qxa4 22. Qf4 (22. Bxe4 $18 dxe4 23. Rcb1) 22... g5 $2 {[%mdl 8192] Black cannot hold the game after this.} (22... Rbc8 $1 $14 23. Rcb1 (23. Rxb7 g5 $17) 23... Bc6) 23. Qf5 $18 {White threatens Rh6 and mate.} Bc8 {[#]} 24. Rxc8 $1 Qa1+ 25. Bf1 {Qxf7+ would kill now.} Rbxc8 26. Rh6 {Weighted Error Value: White=0.18/Black=0.97} 1-0

[Event "RUS-ch Girls U21 2020"]
[Site "Moscow"]
[Date "2020.12.15"]
[Round "8.4"]
[White "Obolentseva, Alexandra"]
[Black "Afonasieva, Anna"]
[Result "1-0"]
[WhiteElo "2305"]
[BlackElo "2316"]
[Annotator "TA"]
[PlyCount "147"]
[EventDate "2020.12.08"]
[EventType "tourn"]
[EventCountry "RUS"]
[SourceTitle "playchess.com"]
[Source "ChessBase"]
[SourceQuality "1"]

{[%evp 22,147,38,10,35,15,54,8,34,10,64,45,58,56,102,77,97,97,121,121,116,115,130,92,185,189,279,289,291,274,245,225,223,200,225,227,243,217,214,0,298,287,289,283,286,239,275,264,245,233,226,223,214,216,273,272,375,272,257,257,366,359,262,252,450,447,458,400,379,341,470,309,338,336,326,339,345,345,345,345,461,331,292,195,498,491,500,374,575,575,556,545,1330,1173,583,982,1048,1038,978,915,697,216,210,210,210,210,209,202,201,185,170,95,318,293,281,163,4152,4152,4152,4152,1968,686,4439,4439,29978,29979,29979,29980]} 1. d4 d5 2. c4 c6 3. Nf3 Nf6 4. Nc3 dxc4 5. a4 Bf5 6. e3 e6 7. Bxc4 Bb4 8. O-O O-O 9. Qe2 Nbd7 10. e4 Bg6 11. Bd3 h6 12. Rd1 Rc8 {D19: Slav Defence: 5 a4 Bf5 6 e3: Main line with 9 Qe2.} 13. Bf4 Qa5 14. Na2 Be7 {The position is equal.} 15. b4 {[#]} Qd8 $146 ({But not} 15... Qxa4 $2 16. Rdb1 $18) (15... Qh5 $1 $11) ({Predecessor:} 15... Qh5 16. h3 a5 17. bxa5 Qxa5 18. Bd2 Qc7 19. a5 c5 20. e5 Bxd3 21. Qxd3 c4 {½-½ (37) Crump,J-Coyne,D ICCF email 2007}) 16. a5 Bh5 17. h3 Re8 18. Rac1 $36 {[%mdl 2048] White is on the roll.} Nf8 19. g4 {And now a6 would win.} Nxg4 20. hxg4 Bxg4 21. Qe3 Ng6 {...Bxf3 would now be nice for Black.} 22. Bg3 Bg5 (22... Bxf3 $16 23. Qxf3 Qxd4) 23. Nxg5 $18 Bxd1 (23... Qxg5 {was necessary.} 24. f4 Qe7) 24. Nxf7 (24. Rxd1 Qxg5 25. f4 Qg4 $14) 24... Kxf7 25. Rxd1 Kg8 26. f4 b6 27. Ba6 Rc7 28. Be2 Rd7 29. Bh5 Qf6 30. Qd3 $2 ({Better is} 30. Nc1 $18) 30... Red8 $2 {[%mdl 8192]} (30... Nxf4 $11 31. Bxf4 Qxf4 32. Bxe8 Re7) 31. e5 Nxe5 32. fxe5 Qg5 {[#]} 33. Qg6 $1 {[%cal Rg6g5]} Qxg6 34. Bxg6 {Black must now prevent Bf2.} Rxd4 35. Rxd4 Rxd4 36. axb6 axb6 {[#] Hoping for ...Rg4.} 37. Bh5 g6 38. Be2 c5 39. b5 Kf7 40. Nc3 h5 (40... Ke8 $142 41. Kf2 Ke7) 41. Bf2 Rb4 42. Bd3 Rb3 $2 (42... Ke7 43. Kh2 Rb3) 43. Be1 g5 44. Be2 g4 45. Bc4 Ra3 {If Black can now play ...Ra1 this consolidates a bit.} 46. Ne4 Ra1 47. Kf2 h4 48. Bd2 h3 {...h2 is the strong threat.} 49. Bf4 Ra3 {Threatens to win with ...Rf3+.} 50. Be2 Ra2 51. Bg3 Ke7 52. Ke3 c4 $2 (52... Ra3+ 53. Kf2 Ra2) 53. Nc3 Ra1 54. Bd1 Ra3 (54... Ra8 {might work better.} 55. Bxg4 Rg8) 55. Kd4 Ra8 56. Bxg4 Rg8 57. Bh4+ Kd7 58. Bxh3 Rh8 59. Bxe6+ Kxe6 60. Bf6 Rc8 61. Na4 $2 (61. Ne2 c3 62. Nxc3) 61... Rc7 62. Kc3 ({Weaker is} 62. Nxb6 c3 $11) 62... Rc8 63. Kb4 (63. Nxb6 Rb8 $11) 63... Kf5 64. Nc3 ({Don't do} 64. Nxb6 $6 c3 $16) 64... Ke6 65. Ne4 Kd5 66. Nd6 Rg8 $2 {Now Black is done in.} (66... Rc5 $16) 67. Nf5 {White threatens Ne7+ and mate.} Rg1 {intending ...Rb1+.} 68. Ne7+ (68. Kc3 $142) 68... Kd4 $2 (68... Ke6 69. Kxc4 Rc1+ 70. Kd4 Rc5) 69. e6+ Kd3 70. Nd5 Rb1+ 71. Ka3 (71. Ka4 $142 Rg1 72. e7) 71... Re1 72. e7 Re4 73. Nc7 c3 74. e8=Q {Accuracy: White = 74%, Black = 47%.} 1-0

[Event "RUS-ch Girls U21 2020"]
[Site "Moscow"]
[Date "2020.12.15"]
[Round "8.5"]
[White "Nazarova, Anastasia"]
[Black "Korchagina, Alena"]
[Result "1-0"]
[WhiteElo "2190"]
[BlackElo "2161"]
[Annotator "RC"]
[PlyCount "77"]
[EventDate "2020.12.08"]
[EventType "tourn"]
[EventCountry "RUS"]
[SourceTitle "playchess.com"]
[Source "ChessBase"]
[SourceQuality "1"]
[TimeControl "40/5400+30:1800+30"]

1. e4 {[%emt 0:00:00]} e5 {[%emt 0:00:00]} 2. Nf3 {[%emt 0:00:00]} Nc6 {[%emt 0:00:00]} 3. Bb5 {[%emt 0:00:00]} a6 {[%emt 0:00:00]} 4. Ba4 {[%emt 0:00:00]} Nf6 {[%emt 0:00:00]} 5. O-O {[%emt 0:00:00]} Be7 {[%emt 0:00:00]} 6. Re1 {[%emt 0:00:00]} b5 {[%emt 0:00:04]} 7. Bb3 {[%emt 0:00:00]} d6 {[%emt 0:00:06]} 8. c3 {[%emt 0:00:02]} O-O {[%emt 0:00:05]} 9. h3 {[%emt 0:00:06]} Nb8 {[%emt 0:00:05]} 10. d4 {[%emt 0:00:07]} Nbd7 {[%emt 0:00:05]} 11. c4 {[%emt 0:00:07]} Bb7 {[%emt 0:02:59]} 12. Nc3 {[%emt 0:06:55]} c6 {[%emt 0:02:10]} 13. c5 {[%emt 0:08:44]} exd4 {[%emt 0:06:10]} 14. cxd6 {[%emt 0:00:05]} dxc3 {[%emt 0:04:47]} 15. bxc3 {[%emt 0:07:34]} Bxd6 {[%emt 0:15:13]} 16. Qxd6 {[%emt 0:00:27]} c5 {[%emt 0:00:16]} 17. Qf4 {[%emt 0:36:28]} c4 {[%emt 0:11:09]} 18. Bc2 {[%emt 0:00:12]} Re8 {[%emt 0:00:08]} 19. Ba3 {[%emt 0:00:40]} Nf8 {[%emt 0:07:48]} 20. Bxf8 {[%emt 0:07:40]} Rxf8 {[%emt 0:00:05]} 21. Rad1 {[%emt 0:01:44]} Qe7 {[%emt 0:03:49]} 22. Qh4 {[%emt 0:12:11]} g6 {[%emt 0:04:39]} 23. e5 {[%emt 0:03:33]} Nd5 {[%emt 0:00:05]} 24. Ng5 {[%emt 0:00:17]} h5 {[%emt 0:00:16]} 25. Qg3 {[%emt 0:01:08]} Nxc3 {[%emt 0:14:01]} 26. e6 {[%emt 0:06:43]} fxe6 {[%emt 0:03:17]} 27. Nxe6 {[%emt 0:01:45]} Rf6 {[%emt 0:00:57]} 28. Nd4 {[%emt 0:02:16]} Qf7 {[%emt 0:09:15]} 29. Qxc3 {[%emt 0:01:14]} Rxf2 {[%emt 0:00:06]} 30. Be4 {[%emt 0:00:12]} Bxe4 {[%emt 0:01:11]} 31. Rxe4 {[%emt 0:00:01]} Rf8 {[%emt 0:00:12]} 32. Nf3 {[%emt 0:01:36]} Rxa2 {[%emt 0:00:56]} 33. Rd6 {[%emt 0:01:05]} Qa7+ {[%emt 0:08:17]} 34. Kh2 {[%emt 0:00:16]} Qg7 {[%emt 0:00:30]} 35. Qe3 {[%emt 0:01:05]} Qf7 {[%emt 0:03:22]} 36. Nh4 {[%emt 0:01:55]} Qc7 {[%emt 0:01:06]} 37. Qg3 {[%emt 0:00:47]} Rf7 {[%emt 0:00:53]} 38. Rxg6+ {[%emt 0:00:30]} Kh7 {[%emt 0:00:23]} 39. Re5 {[%emt 0:00:48]} 1-0

[Event "RUS-ch Girls U21 2020"]
[Site "Moscow"]
[Date "2020.12.16"]
[Round "9.1"]
[White "Korchagina, Alena"]
[Black "Protopopova, Anastasiya"]
[Result "0-1"]
[WhiteElo "2161"]
[BlackElo "2267"]
[Annotator "TA"]
[PlyCount "93"]
[EventDate "2020.12.08"]
[EventType "tourn"]
[EventCountry "RUS"]
[SourceTitle "playchess.com"]
[Source "ChessBase"]
[SourceQuality "1"]

{[%evp 18,93,-37,-23,13,13,13,18,18,17,20,18,14,7,10,3,10,0,0,0,0,-18,-27,-110,-109,-245,-235,-214,-146,-148,-146,-156,-156,-155,-152,-146,-146,-146,-146,-173,-102,-244,-245,-233,-233,-229,-229,-203,-196,-173,-146,-185,-174,-273,-273,-345,-340,-315,-295,-491,-483,-1189,-1185,-1107,-1107,-2771,-2621,-6111,-4622,-29967,-29963,-29952,-11530,-6621,-6631,-6087,-5604,-1555]} 1. Nf3 c5 2. c4 Nc6 3. d4 cxd4 4. Nxd4 e6 5. Nc3 Nf6 6. Ndb5 d5 7. cxd5 Nxd5 8. e4 Nxc3 9. Qxd8+ Kxd8 10. Nxc3 Bb4 {A33: Symmetrical English: 2 Nf3 Nf6 3 d4 cxd4 4 Nxd4 e6 5 Nc3 Nc6.} 11. Be3 Ke7 12. Rc1 Rd8 {The position is equal.} 13. a3 Ba5 14. Bc5+ Ke8 15. Bb5 Bd7 {[#]} 16. O-O $146 ({Predecessor:} 16. b4 Bc7 17. O-O Bf4 18. Rc2 b6 19. Ne2 Bh6 20. Bd6 Ne7 21. Nd4 Rdc8 22. Rxc8+ Rxc8 {1-0 (36) Gabdrakhmanov,R (2405)-Fakhretdinov,R (2350) Orel 1996}) 16... Ne5 17. b4 Bb6 18. Bxd7+ Rxd7 19. Nb5 {aiming for Bxb6.} Nd3 20. Nd6+ {[#]} (20. Rc3 $11 {keeps the balance.} Bxc5 21. bxc5) 20... Ke7 $1 $17 21. Nc8+ (21. Rc3 $17 Nxc5 22. bxc5) 21... Kf6 $19 22. e5+ Kxe5 23. f4+ Kf5 (23... Nxf4 $6 24. Rfe1+ Kf5 25. Bxb6 $11) 24. Bxb6 Nxc1 (24... axb6 $6 25. Nxb6 Nxc1 26. Rxc1 $11) 25. Rxc1 Rxc8 $1 ({Don't play} 25... axb6 $6 26. Nxb6 Rad8 27. Nxd7 $11) ({Worse is} 25... Kxf4 26. Nxa7 Ke5 27. Kf2 $11) 26. Rxc8 {Strongly threatening Be3.} axb6 $17 {[%mdl 4096] Endgame KR-KR} 27. g3 {[#]} Kg4 $1 28. Rc4 Rd3 (28... g6 $19 29. Rc2 Kh3) 29. f5+ (29. Kf2 $17) 29... Kxf5 $19 30. Rc7 Kf6 ({Weaker is} 30... Rxa3 31. Rxf7+ Kg6 32. Rxb7 $15) 31. Rxb7 Rxa3 32. Rxb6 Ra2 33. b5 Rb2 34. Rb8 h5 35. b6 (35. h4 $142) 35... g5 36. Rh8 Kg6 (36... Rxb6 $2 37. Rxh5 Kg6 38. Rh8 $19) 37. Rg8+ Kf5 38. Rf8 $2 (38. h3 {is a better defense.}) 38... f6 39. Rb8 (39. h3 $142 Rxb6 40. Ra8) 39... Kg4 40. Kf1 Rxh2 41. Re8 Rb2 42. Rxe6 f5 43. Rf6 Rb3 44. Kf2 Rf3+ 45. Ke2 {Black is clearly winning.} Rxg3 46. b7 Rb3 47. Rf7 {Weighted Error Value: White=0.76/Black=0.13} 0-1

[Event "RUS-ch Girls U21 2020"]
[Site "Moscow"]
[Date "2020.12.16"]
[Round "9.2"]
[White "Afonasieva, Anna"]
[Black "Nazarova, Anastasia"]
[Result "1-0"]
[WhiteElo "2316"]
[BlackElo "2190"]
[Annotator "ChessBase"]
[PlyCount "65"]
[EventDate "2020.12.08"]
[EventType "tourn"]
[EventCountry "RUS"]
[SourceTitle "playchess.com"]
[Source "ChessBase"]
[SourceQuality "1"]
[TimeControl "40/5400+30:1800+30"]

1. d4 {[%emt 0:00:00]} d5 {[%emt 0:00:00]} 2. Bf4 {[%emt 0:00:00]} c5 {[%emt 0:00:00]} 3. e3 {[%emt 0:00:00]} Nc6 {[%emt 0:00:00]} 4. c3 {[%emt 0:00:00]} Qb6 {[%emt 0:00:07]} 5. Qb3 {[%emt 0:00:06]} c4 {[%emt 0:00:17]} 6. Qc2 {[%emt 0:00:12]} e5 {[%emt 0:00:11]} 7. dxe5 {[%emt 0:01:20]} Bf5 {[%emt 0:00:11]} 8. Qc1 {[%emt 0:01:42]} g5 {[%emt 0:00:11]} 9. Bxg5 {[%emt 0:02:10]} Nxe5 {[%emt 0:00:06]} 10. Nd2 {[%emt 0:01:20]} Nf6 {[%emt 0:02:16]} 11. Ngf3 {[%emt 0:06:01]} Nd3+ {[%emt 0:01:55]} 12. Bxd3 {[%emt 0:00:06]} Bxd3 {[%emt 0:00:39]} 13. Bf4 {[%emt 0:06:16]} Rg8 {[%emt 0:13:11]} 14. Ne5 {[%emt 0:03:31]} Ne4 {[%emt 0:27:14]} 15. Nxd3 {[%emt 0:13:12]} cxd3 {[%emt 0:00:03]} 16. Qd1 {[%emt 0:00:41]} O-O-O {[%emt 0:08:35]} 17. O-O {[%emt 0:02:43]} Qg6 {[%emt 0:08:17]} 18. g3 {[%emt 0:00:34]} Bd6 {[%emt 0:01:39]} 19. Nf3 {[%emt 0:03:25]} Qg4 {[%emt 0:04:00]} 20. Kg2 {[%emt 0:06:08]} Bxf4 {[%emt 0:06:52]} 21. exf4 {[%emt 0:00:15]} Rd6 {[%emt 0:00:58]} 22. Qxd3 {[%emt 0:12:25]} Rh6 {[%emt 0:08:24]} 23. Qxd5 {[%emt 0:09:11]} Qh3+ {[%emt 0:00:05]} 24. Kh1 {[%emt 0:00:26]} Rxg3 {[%emt 0:11:15]} 25. fxg3 {[%emt 0:01:14]} Nxg3+ {[%emt 0:00:04]} 26. Kg1 {[%emt 0:00:04]} Nxf1 {[%emt 0:01:27]} 27. Rxf1 {[%emt 0:00:42]} Rg6+ {[%emt 0:04:18]} 28. Ng5 {[%emt 0:00:32]} Qe3+ {[%emt 0:00:04]} 29. Kh1 {[%emt 0:00:11]} h6 {[%emt 0:00:55]} 30. Nxf7 {[%emt 0:00:51]} Qe7 {[%emt 0:00:30]} 31. Qf5+ {[%emt 0:02:05]} Qe6 {[%emt 0:01:02]} 32. Qxe6+ {[%emt 0:00:05]} Rxe6 {[%emt 0:00:04]} 33. Ne5 {[%emt 0:00:13]} 1-0